The first peoples of Oman : Palaeolithic archaeology of the Nejd Plateu /
In Dhofar, the southern Governorate of the Sultanate of Oman, the deep canyons cutting the Nejd plateau once flowed with perennial rivers, feeding wetland environments, forests, and grasslands across the now desiccated interior. The first peoples of Oman flourished along these waterways, drawn to th...
المؤلفون الرئيسيون: , , ,
التنسيق: كتاب الكتروني
اللغة: English
منشور في:
Oxford :
Archaeopress Publishing Ltd.,
2019.
سلاسل:
Archaeological heritage of Oman ;
vol. 5.
الموضوعات:
الوصول للمادة أونلاين: Login to view Source
الوسوم: إضافة وسم
رقم الطلب: GN281
| LEADER | 02692nam a2200457 i 4500 | ||
|---|---|---|---|
| 001 | EDZ0002077629 | ||
| 003 | StDuBDS | ||
| 005 | 20230412182552.0 | ||
| 006 | m|||||o||d|||||||| | ||
| 007 | cr ||||||||||| | ||
| 008 | 190702s2019 enka fob 001|0|eng|d | ||
| 020 | |a 9781789692853 (PDF ebook) : |c No price | ||
| 040 | |a StDuBDS |b eng |c StDuBDS |e rda |e pn | ||
| 050 | 4 | |a GN281 | |
| 082 | 0 | 4 | |a 569.9093949 |2 23 |
| 100 | 1 | |a Rose, Jeffrey I., |e author. | |
| 245 | 1 | 4 | |a The first peoples of Oman : |b Palaeolithic archaeology of the Nejd Plateu / |c Jeffrey I. Rose, Yamandú H. Hilbert, Anthony E. Marks & Vitaly I. Usik. |
| 264 | 1 | |a Oxford : |b Archaeopress Publishing Ltd., |c 2019. | |
| 300 | |a 1 online resource (xvi, 198 pages) : |b illustrations (colour). | ||
| 336 | |a text |2 rdacontent | ||
| 336 | |a still image |2 rdacontent | ||
| 337 | |a computer |2 rdamedia | ||
| 338 | |a online resource |2 rdacarrier | ||
| 490 | 1 | |a The archaeological heritage of Oman ; |v vol. 5 | |
| 500 | |a Published in association with the Ministry of Heritage and Culture, Sultanate of Oman. | ||
| 504 | |a Includes bibliographical references and index. | ||
| 520 | 8 | |a In Dhofar, the southern Governorate of the Sultanate of Oman, the deep canyons cutting the Nejd plateau once flowed with perennial rivers, feeding wetland environments, forests, and grasslands across the now desiccated interior. The first peoples of Oman flourished along these waterways, drawn to the freshwater springs and abundant game, as well as the myriad chert outcrops with which to fashion their hunting implements and other tools. The landscapes of the Nejd Plateau are a natural museum of human prehistory, covered in carpets of chipped stone debris. The archaeological evidence presented in this work encompasses the cultural remains of over a million years of successive human occupations, from the Lower Palaeolithic to the Late Palaeolithic. | |
| 521 | |a Specialized. | ||
| 588 | |a Description based on online resource; title from PDF title page (viewed on 16 August, 2019). | ||
| 650 | 0 | |a Paleoanthropology |z Oman |z Dhofar. | |
| 650 | 0 | |a Paleolithic period |z Oman |z Dhofar. | |
| 700 | 1 | |a Hilbert, Yamandú Hieronymus, |e author. | |
| 700 | 1 | |a Marks, Anthony E., |e author. | |
| 700 | 1 | |a Usik, Vitaly I., |e author. | |
| 710 | 1 | |a Oman. |b Wizārat al-Turāth wa-al-Thaqāfah, |e publisher. | |
| 776 | 0 | 8 | |i Print version : |z 9781789692846 |
| 830 | 0 | |a Archaeological heritage of Oman ; |v vol. 5. | |
| 856 | 4 | 0 | |3 Archaeopress |u http://library.arce.org:8087/Archaeopress/Products/9781789692846 |
| 942 | |2 lcc |c EBOOK | ||
| 952 | |0 0 |1 0 |4 0 |6 GN0281 |7 1 |9 46583 |a ARCH |b ARCH |d 2023-04-12 |l 0 |o GN281 |r 2023-04-12 00:00:00 |w 2023-04-12 |y EBOOK | ||
| 999 | |c 52241 |d 52241 | ||
